000 00829nam a2200241 i 4500
001 000035995
003 DO-SdBNP
005 20240917103418.0
007 ta
008 111122s1994 dr ac 000 0 spa d
040 _aDO-SdBNP
_bspa
_cBNPHU
_erda
082 4 _bM832a
_222
100 1 _aMorbán Laucer, Fernando,
_954241
_eautor
_4aut.
245 1 3 _aEl arte rupestre de la sierra de Bahoruco :
_buna visión universal /
_cFernando Morbán Laucer.
264 4 _aSanto Domingo :
_bEditora Taller,
_c1994.
300 _a169 páginas :
_bilustraciones, retratos ;
_c23 cm.
336 _atexto
_btxt
_2rdacontent
337 _asin mediación
_bn
_2rdamedia
338 _avolumen
_bnc
_2rdacarrier
500 _aIncluye referencias bibliográficas y notas al pie de las páginas.
590 _aInventariado, 2024/BT
942 _2ddc
_cLBS1
999 _c35486
_d35486